000
00203 a2200097 4500
001
3951
100
_a
Axelrod,A
245
_a
Machine shop mathematics
260
_a
_b
Mcgrawhill
_c
090
_c
3181
_d
3181
942
_a
NUST-CAE
_c
M
_c
24236
999
_c
239024
_d
239024